Szczegóły MARC21

Immunitet jurysdykcyjny państwa w prawie międzynarodowym publicznym : aktualne zagadnienia teoretyczno-praktyczne. T. 1, Analiza kazusów krajowych i międzynarodowych /

003 -Nazwa inst., której nr kontr. jest w polu 001 [,]
    • @
    • Nazwa instytucji, której n kontrolny jest w polu 001
    • NUKAT
005 -DATA I CZAS OSTATNIEJ MODYFIKACJI [,]
    • @
    • pole kontrolne
    • 20241231114318.0
020 -Międzynarod. znormalizowany nr książki - ISBN [ , ]
    • a
    • Numer ISBN
    • 9788375233346 Find
020 -Międzynarod. znormalizowany nr książki - ISBN [ , ]
    • a
    • Numer ISBN
    • 9788375233353 Find
    • q
    • Dopowiedzenie
    • t. 1
040 -Instytucja sporządzająca opis [ , ]
    • a
    • Instytucja, która sporządziła opis (NP)
    • WA M/LA
    • c
    • Instytucja, która sporządziła rekord (NP)
    • WA M/LA
    • d
    • Instytucja, która zmodyfikowała rekord (P)
    • WA M/ES
    • d
    • Instytucja, która zmodyfikowała rekord (P)
    • WR U/JHs
942 -Rodzaj dokumentu [ , ]
    • c
    • Rodzaj dokumentu
    • Książka
100 -Hasło główne - nazwa osobowa [1, ]
    • a
    • Nazwa osobowa (NP)
    • Gruszczyński, Krzysztof Jerzy.
    • 9
    • KHW
    • 77911
245 -Strefa tytułu i oznaczenia odpowiedzialności [1,0]
    • a
    • Tytuł
    • Immunitet jurysdykcyjny państwa w prawie międzynarodowym publicznym : Find
    • b
    • Ciąg dalszy tytułu (NP)
    • aktualne zagadnienia teoretyczno-praktyczne. Find
    • n
    • Oznaczenie części (P)
    • T. 1,
    • p
    • Nazwa części (P)
    • Analiza kazusów krajowych i międzynarodowych /
    • c
    • Pozostałe elementy strefy tytułu i oznaczenia odpowiedzialności (NP)
    • Krzysztof Jerzy Gruszczyński, Cezary Tomasz Szyjko ; Akademia Obrony Narodowej.
246 -Wariant tytułu [3,0]
    • a
    • Tytuł (NP)
    • Analiza kazusów krajowych i międzynarodowych
260 -Strefa adresu wydawniczego [ , ]
    • a
    • Miejsce wydania (P)
    • Warszawa :
    • b
    • Nazwa wydawcy (P)
    • [Akademia Obrony Narodowej. Wydział Wydawniczy],
    • c
    • Data wydania (P)
    • 2014.
300 -Strefa opisu fizycznego [ , ]
    • a
    • Określenie formy książki i/lub objętość (NP)
    • 224 s. :
    • b
    • Oznaczenie ilustracji (NP)
    • il. ;
    • c
    • Format (NP)
    • 25 cm.
336 -Typ zawartości [ , ]
    • a
    • Termin opisujący typ zawartości
    • Tekst
    • b
    • Kod określający zawartość
    • txt
    • 2
    • Źródło (terminu i kodu)
    • rdacontent
337 -Typ mediów [ , ]
    • a
    • Tryb odtwarzania
    • Bez urządzenia pośredniczącego
    • b
    • Kod typu mediów
    • n
    • 2
    • Źródło (terminu i kodu)
    • rdamedia
338 -Typ/rodzaj nośnika [ , ]
    • a
    • Hasło opisujące typ nośnika
    • Wolumin
    • b
    • Kod typu nośnika
    • nc
    • 2
    • Źródło (terminu i kodu)
    • rdacarrier
500 -Uwaga ogólna [ , ]
    • a
    • Uwaga ogólna (NP)
    • Nazwa wydawcy wg bazy ISBN BN.
521 -Uwaga dot. przeznaczenia czytelniczego [8, ]
    • a
    • Uwaga dot. przeznaczenia czytelniczego
    • Publikacja adresowana do studentów prawa, administracji i bezpieczeństwa narodowego, środowiska naukowego, praktyków wymiaru sprawiedliwości oraz osób pełniących funkcje publiczne.
080 -Uniwersalna Klasyfikacja Dziesiętna [ , ]
    • 2
    • Identyfikator wydania tablic
    • UDC-P058
    • 9
    • UKD
    • 3368
    • a
    • Symbol klasyfikacji
    • 341.21
    • b
    • Dopowiedzenie
    • Podmioty prawa międzynarodowego.
650 -Hasło przedmiotowe [ ,7]
    • a
    • Hasło przedmiotowe
    • Immunitety państw obcych.
    • 2
    • Źródło terminu
    • kaba
    • 9
    • KHW
    • 155810
980 -Symbol UKD [ , ]
    • a
    • UKD
    • 341.21
700 -Hasło dodatkowe - nazwa osobowa [1, ]
    • a
    • Nazwa osobowa (NP)
    • Szyjko, Cezary Tomasz. Find
    • 9
    • KHW
    • 57486
710 -Hasło dodatkowe - nazwa ciała zbiorowego [2, ]
    • a
    • Nazwa ciała zbiorowego lub nazwa geograficzna jako pierwszy element (NP)
    • Akademia Obrony Narodowej.
    • b
    • Nazwa jednostki podrzędnej (P)
    • Wydział Wydawniczy.
    • 4
    • Kod relacji
    • pbl
    • 9
    • KHW
    • 53031
920 -ISBN [ , ]
    • a
    • ISBN
    • 978-83-7523-334-6 Find
920 -ISBN [ , ]
    • a
    • ISBN
    • 978-83-7523-335-3 Find
    • q
    • Dopowiedzenie
    • t. 1
Data inwentaryzacji Lokalizacja Numer inwentarzowy Status udost. Sygnatura
2014-12-23BGZ.1193691 
2015-05-27BGWM.17312-3 
2015-05-27BGWM.17313-3 
2015-05-27BSASA.233641SA.23364